Footballeurs Champions du monde - Mort subite - Statistiques

Statistiques générales
  • Ce quiz a été pris 15 217 fois
  • Le résultat moyen est 8 sur 30
Answers on the Grid
Answers color-coded by a green-red scale on the quiz's grid according to % correct below.
Raúl Albiol
Xabi Alonso
Franco Baresi
Franz Beckenbauer
Gianluigi Buffon
Cafu
Fabio Cannavaro
Alessandro Del Piero
Didier Deschamps
Cesc Fàbregas
Alcides Ghiggia
Antoine Griezmann
Geoff Hurst
Thierry Henry
Kaká
Toni Kroos
Philipp Lahm
Diego Armando Maradona
Lothar Matthäus
Lionel Messi
Mesut Özil
Pelé
Gerard Piqué
Sergio Ramos
Rivaldo
Ronaldinho
Bastian Schweinsteiger
Francesco Totti
Raphaël Varane
Xavi
Gheorghe Hagi
Michael Ballack
Luis Suarez
Alfredo Di Stefano
Cristiano Ronaldo
Michel Platini
Johan Cruyff
Ferenc Puskás
Marco van Basten
Eusebio
George Best
Paolo Maldini
Zlatan Ibrahimović
Zico
Socrates
Dennis Bergkamp
Eric Canton
Andrij Shevchenko
Luis Figo
Lev Yashin
Clarence Seedorf
Roberto Baggio
Steven Gerrard
Ruud Gullit
Ryan Giggs
Yaya Toure
Kenny Dalglish
Didier Drogba
Raul
Luka Modrić
 
Statistiques - réponses
Réponse % Correct
Lionel Messi
44%
Antoine Griezmann
42%
Didier Deschamps
41%
Pelé
41%
Raphaël Varane
40%
Thierry Henry
39%
Xavi
38%
Sergio Ramos
36%
Toni Kroos
35%
Gerard Piqué
34%
Gianluigi Buffon
34%
Ronaldinho
34%
Mesut Özil
31%
Xabi Alonso
31%
Diego Armando Maradona
30%
Philipp Lahm
30%
Cafu
29%
Fabio Cannavaro
29%
Bastian Schweinsteiger
26%
Rivaldo
26%
Kaká
25%
Cesc Fàbregas
24%
Franz Beckenbauer
24%
Francesco Totti
18%
Alessandro Del Piero
17%
Lothar Matthäus
17%
Franco Baresi
10%
Raúl Albiol
9%
Geoff Hurst
4%
Alcides Ghiggia
2%
Aucun quiz correspondant
Distribution des résultats
% des personnes avec chaque résultat
Percentile par nombre de réponses
Votre historique - résultats
Vous n’avez pas pris ce quiz